LEADER 01609nam0 22003371i 450 001 UON00169799 005 20231205103049.122 010 $a26-00-00747-4 100 $a20030606d2001 |0itac50 ba 101 $aita$aENG$aGER 102 $aCH 105 $a|||| ||||| 200 1 $aˆL' ‰histoire littéraire immanente dans la poésie latine$eVandoeuvres-Geneve 21-25 aout 2000$ehuit exposes suivis de discussions$fpar Jurgen Paul Schwindt ... [et al.]$gintroduction de Ernst A. Schmidt$gentretiens prepares et presides par E. A. Schmidt$gavec la partecipations de Francois Paschoud et Claudia Wick$gindex redige par Lavinia Galli Milic 210 $aGenève$cFondation Hardt$d[2001] 215 $aXVII, 406 p.$d22 cm 410 1$1001UON00087221$12001 $aEntretiens sur l'Antiquité Classique$v47 606 $aPoesia latina$xStoria e critica$3UONC028464$2FI 620 $dGinevra$3UONL000101 676 $a871$cPoesia latina$v21 702 1$aGALLI MILIC$bLavinia$3UONV098864 702 1$aPASCHOUD$bFrancois$3UONV087149 702 1$aSCHMIDT$bErnst Albert$3UONV065206 702 1$aSCHWINDT$bJurgen Paul$3UONV085529 702 1$aWICK$bClaudia$3UONV098863 712 $aFondation Hardt$3UONV260635$4650 801 $aIT$bSOL$c20250613$gRICA 899 $aSIBA - SISTEMA BIBLIOTECARIO DI ATENEO$2UONSI 912 $aUON00169799 950 $aSIBA - SISTEMA BIBLIOTECARIO DI ATENEO$dSI PER E 0040 047 $eSI MC 26766 7 996 $aHistoire littéraire immanente dans la poésie latine$9148067 997 $aUNIOR LEADER 01380nam0 22002771i 450 001 UON00020267 005 20231205102015.747 100 $a20020107d1953 |0itac50 ba 101 $aeng 102 $aGB 105 $a|||| 1|||| 200 1 $aStudies in Caucasian history$e1. New Light on the Shaddadids of Ganja, 2. The Shaddadids of Ani, 3. Prehistory of Saladin$fby V. Minorsky 210 $aLondon$cTaylor's Foreign Press$d1953 215 $a178, 18 p.$d25 cm 410 1$1001UON00021961$12001 $aCambridge Oriental Series$fgeneral editor: H.W. Bailey$1210 $aCambridge$cPublished on behalf of the Faculty of Oriental Languages$d19 - v. ; cm$v6 606 $aCaucaso$xStoria$3UONC002311$2FI 620 $aGB$dLondon$3UONL003044 686 $aCAU IV$cCaucaso e Armenia - Storia$2A 700 1$aMINORSKY$bVladimir F.$3UONV010892$0161883 712 $aTaylor's Foreign Press$3UONV248103$4650 801 $aIT$bSOL$c20250620$gRICA 912 $aUON00020267 950 $aSIBA - SISTEMA BIBLIOTECARIO DI ATENEO$dSI CAU IV 002 $eSI TUR1438 5 002 950 $aSIBA - SISTEMA BIBLIOTECARIO DI ATENEO$dSI DOPPI CAU IV 002 $eSI MR 37917 7 002 996 $aStudies in Caucasian history$91197007 997 $aUNIOR